Innovative solutions in engineering: a journal of the Nigerian academy of engineering (Record no. 38283)

MARC details
000 -LEADER
fixed length control field 00493nam a2200169Ia 4500
022 ## - INTERNATIONAL STANDARD SERIAL NUMBER
ISSN 26365197
050 ## - CALL MARK
Classification number TK 5105.88813 .I56/
245 #0 - TITLE STATEMENT
Title Innovative solutions in engineering: a journal of the Nigerian academy of engineering
260 ## - PUBLICATION, DISTRIBUTION, ETC. (IMPRINT)
Place of publication Lagos, Nigeria
260 ## - PUBLICATION, DISTRIBUTION, ETC. (IMPRINT)
Name of publisher The Nigeria Academy of Engineering
260 ## - PUBLICATION, DISTRIBUTION, ETC. (IMPRINT)
Year of publication 2018
300 ## - PHYSICAL DESCRIPTION
Number of Pages x, 122 p. :ill. ; 29 cm.
650 ## - SUBJECT ADDED ENTRY--TOPICAL TERM
Topical Term Web services.
942 ## - ADDED ENTRY ELEMENTS (KOHA)
Koha item type Serials

No items available.